Masarykův slovník naučný lidová encyklopedie všeobecných vědomostí Díl VI. R-S

Bibliographic Details
Other Authors: Dvořáček, Jan, 1887-1956 (Editor)
Format: Book
Language:Czech
PhysicalDescription:1132 s. ill., fotogr. 27 cm
Published: Praha Nákladem "Československého kompasu" 1932
Subjects:

MARC

LEADER 00000cam a2200000 a 4500
001 vtls001288746
003 SK-MaSNL
005 20260301104640.0
008 970529s1932 xr oa e 00 cze
035 |a SNK000240359 
040 |a SNK  |b slo  |c SNK  |e AACR2 
041 0 |a cze 
044 |a xr  |c CZ 
080 |a (031)  |2 2001 
080 |a (437.1/.3)  |2 2001 
245 1 |a Masarykův slovník naučný  |b lidová encyklopedie všeobecných vědomostí  |n Díl VI. R-S  |c vrchní redakce Jan Dvořáček ... [et al.] 
260 |a Praha  |b Nákladem "Československého kompasu"  |c 1932 
300 |a 1132 s.  |b ill., fotogr.  |c 27 cm 
650 0 7 |a všeobecné vedomosti  |2 SNKPH  |9 4163 
651 7 |a Česko  |2 SNK  |9 16753 
655 7 |a encyklopédie  |2 svkpo  |9 28776 
700 1 |a Dvořáček, Jan,  |d 1887-1956  |4 edt  |9 261160 
999 |c 698739  |d 700669 
952 |a SNK  |b SNK  |y VYP  |7 0  |p 17A0068784  |o snkIB 8983/6  |i snkKIK 466/59  |8 3  |3 Vrátené z príručnej knižnice.  |0 0  |1 0  |4 0  |d 1997-05-29  |l 0  |r 2005-01-02 00:00:00  |w 2026-02-23 
952 |t snkMAS/6 030  |a SNKUST  |b SNKUST  |y PREZ  |7 0  |p 17A0296301  |o snkIB 8983/6 D1   |i snkK 2037/60  |0 0  |1 0  |4 0  |d 2002-01-11  |l 0  |r 2025-03-20 00:00:00  |w 2026-02-23